مكتبة جامعة عجلون الوطنية

فهرس بحث المكتبة

Normal view MARC view
  • النجار ، عبدالرحمن

Entry Personal Name

Number of records used in: 1

001 - CONTROL NUMBER

  • control field: 35635

003 - CONTROL NUMBER IDENTIFIER

  • control field: JO-AjAnu

005 - DATE AND TIME OF LATEST TRANSACTION

  • control field: 20230606075946.0

008 - FIXED-LENGTH DATA ELEMENTS

  • fixed length control field: 230606|| aca||aabn | a|a d

040 ## - CATALOGING SOURCE

  • Original cataloging agency: JO-AjAnu
  • Transcribing agency: JO-AjAnu

100 ## - HEADING--PERSONAL NAME

  • Personal name: النجار ، عبدالرحمن

670 ## - SOURCE DATA FOUND

  • Source citation: Work cat.: (JO-AjAnu)18299: النجار ، عبدالرحمن, author, صحة الطفل وتغذيته